| 000 | 00471cam a22001337a 4500 | ||
|---|---|---|---|
| 008 | 180718b1991 xxu||||| |||| 00| 0 eng d | ||
| 082 | _aU6 P939 | ||
| 100 | _aMathur, Om Prakash | ||
| 245 | _aUrban services and the private sector in India: realities and issues | ||
| 260 |
_aNew Delhi _bOxford & IBH _c1991 |
||
| 300 | _ap.169-80 | ||
| 500 | _a[In] Privatisation and public enterprise: the Asia-Pacific experience, edited by Geeta Gouri | ||
| 650 | _aPrivatisation - India | ||
| 999 |
_c376730 _d376730 |
||